| 000 | 01000nam a2200313 a 4500 | ||
|---|---|---|---|
| 001 | 000044652 | ||
| 003 | DO-SdBNP | ||
| 005 | 20180214113019.0 | ||
| 007 | 000044652 | ||
| 008 | 141211s2013 dr 000 0 spa d | ||
| 020 | _a9788466369725 | ||
| 040 |
_aBPMSU _bspa _cBPMSU |
||
| 082 | 0 | 4 |
_aRD863.44 _bA473c, 2009 |
| 100 | 1 |
_aÁlvarez, Julia, _d1950- |
|
| 240 | 1 |
_aHow the García girls host their accent. _lEspañol. |
|
| 245 | 1 | 3 |
_aDe cómo las muchachas García perdieron el acento / _cJulia Álvarez ; traducción Mercedes Guhl. |
| 250 | _a2a ed. | ||
| 260 |
_aSanto Domingo : _bSantillana, _c2013. |
||
| 300 |
_a345 p. ; _c19 cm. |
||
| 490 | 1 |
_aPunto de lectura _v332 |
|
| 650 | _aNOVELA DOMINICANA | ||
| 650 | _aLITERATURA DOMINICANA | ||
| 700 | 1 |
_aGuhl, Mercedes, _etr. |
|
| 830 | 0 |
_aPunto de lectura _n332 |
|
| 910 | _aValidado. Control de calidad MFF | ||
| 942 |
_2ddc _cBK |
||
| 945 | _aTítulo remanejado para la BNPHU / 2018 VM | ||
| 956 |
_aVMATEO _b10 _c20160469 _lBPMSU _h0069 |
||
| 999 |
_c7608 _d7608 |
||